The life of Gollum Quiz Stats

 Plays Quiz not verified by Sporcle

Challenge
Share
Tweet
Embed
Score 0/11 Timer 01:00
1 Play Today
Hint % Correct
What is his race? Hobbit
84%
What is his real name? Smeagol
72.4%
Who does Gollum strangle to get the ring? Deagol
64.8%
Where was Gollum born? The shire
64%
Who does Gollum call 'The master'? Frodo Baggins
59.1%
Where does Gollum live during the Hobbit? The misty mountains
57.5%
What is one of Gollum's favorite foods? Fish
48.8%
Where does Gollum get the ring back?Mount doom
44.4%
Gollum especially hates 'blank' rope?Elvish
35.2%
Where does Gollum die?Crack of doom
26%
How does Gollum lose the ring? Riddles
25.2%

You're not logged in!

Compare scores with friends on all Sporcle quizzes.
Join for Free
OR
Log In

You Might Also Like...

Show Comments

Extras

Top Quizzes Today


Score Distribution

Your Account Isn't Verified!

In order to create a playlist on Sporcle, you need to verify the email address you used during registration. Go to your Sporcle Settings to finish the process.

Report this User

Report this user for behavior that violates our Community Guidelines.

Details: